000 00494nam a2200169 a 4500
005 20210223120757.0
008 991125s1969 mx 000 0 spa u
035 _aUPN01000006867
049 _aCG
050 4 _aR131
_bV3.2
100 1 _aVasconcelos Aldama, Rubén,
_dn. 1910
_933889
245 1 0 _aCartas médicas :
_bsinopsis evolutiva de la medicina /
_cRubén Vasconcelos.
260 _aMéxico :
_bOasis,
_c1969.
300 _a270 p.
650 4 _aMEDICINA -
_xHISTORIA
_927181
905 _aLibro
999 _c6867
_d6867